Kritická analýza teoretických základov štátnomonopolistickej hospodárskej politiky vo vyspelých kapitalistických krajinách /

Hlavní autor: Iša, Jan, 1929-2009
Další autoři: Bachár, Vladislav, 1938-, Komínková, Z.
Jazyk: Slovenština
Vydáno: Bratislava : Ekonomický ústav SAV, 1980
Edice: Výskumné práce ; roč. 1, č. 39, 1980
Témata:
Fyzický popis: 85 s.
Language note: Ruské resumé
Knihy
Uloženo v:
LEADER 01065nam a22002772a 4500
001 001147269
003 CZ BrMZK
005 20111101131224.0
007 ta
008 110503s1980 xo er|||||||||||slo d
040 |a OPE301  |b cze  |d BOA001 
041 0 |a slo  |b rus 
100 1 |a Iša, Jan,  |d 1929-2009  |7 jx20050914028  |4 aut 
245 1 0 |a Kritická analýza teoretických základov štátnomonopolistickej hospodárskej politiky vo vyspelých kapitalistických krajinách /  |c Jan Iša, V. Bachár, Z. Komínková 
260 |a Bratislava :  |b Ekonomický ústav SAV,  |c 1980 
300 |a 85 s. 
490 1 |a Výskumné práce ;  |v roč. 1, č. 39, 1980 
546 |a Ruské resumé 
653 0 |a kapitalistická ekonomika  |a kritika 
700 1 |a Bachár, Vladislav,  |d 1938-  |7 ola2003193737  |4 aut 
700 1 |a Komínková, Z.  |4 aut 
810 2 |a Ekonomický ústav (Slovenská akadémia vied).  |t Výskumné práce 
910 |a BOA001  |b 2-0832.575 
990 |a BK 
991 |b 201104 
996 7 |b 2619397328  |c 2-0832.575  |l MZK  |r Sklad / do 1 hodiny  |n 0  |w 001179708  |u 000010  |a 1  |e BOA001  |j MZK50  |s A